000 01045cam a2200301 a 4500
999 _c6535
_d6535
001 2406759
003 OSt
005 20200130120042.0
008 861029s1986 enka b 001 0 eng
010 _a 86028541
020 _a0335159885
020 _a0335159877 (pbk.)
040 _aDLC
_cDLC
_dDLC
082 0 0 _a001.4
_219
_bBEL 1987
100 1 _aBell, Judith,
_913433
245 1 0 _aDoing your research project :
_ba guide for first-time researchers in education and social science /
_cJudith Bell.
260 _aMilton Keynes, England ;
_aPhiladelphia, PA, USA :
_bOpen University Press,
_c1987.
300 _a145 p. :
_bill. ;
_c23 cm.
500 _aIncludes index.
504 _aBibliography: p. [137]-142.
650 0 _aEducation
_xResearch.
_91097
650 0 _aEducation
_xResearch
_xMethodology.
_91098
650 0 _aSocial sciences
_xResearch.
_91099
650 0 _aSocial sciences
_xResearch
_xMethodology.
_91100
650 0 _aIndependent study.
_91101
906 _a7
_bcbc
_corignew
_d1
_eocip
_f19
_gy-gencatlg
942 _2ddc
_cO_SHELF